000 01539nam a22002537a 4500
005 20251210110122.0
010 _aB-773761-770 HIN-130602 25BACHN25
020 _a9789394902879
_c595.00
035 _aB-773761-770
035 _aHN-102948
037 _bराजकमल प्रकाशन
037 _bपुस्तक प्रदान अधिनियम प्रभाग
082 _a
100 _aसोबती, कृष्णा
_985983
245 _aरचना का गर्भगृह /
_cकृष्णा सोबती: आर.चेतनक्रान्ति द्वारा संकलित एवं संपादित
260 _aनई दिल्ली
_bराजकमल प्रकाशन
_c2023
270 _a1-बी,नेताजी सुभाष मार्ग
_bनई दिल्ली
_e110002
300 _a144 पृ
_bसचित्र
_c23सेमी (सजिल्द)
650 _a हिन्दी कथा साहित्य
_985984
650 _aHindi fiction
_985985
700 _aआर.चेतनक्रान्ति
_979161
942 _2ddc
_cHN
_h
_mसोबती
999 _c210010
_d210010